Aik Qatra Khoon: dastan e Karbala (ایک قطرہ خون: داستان کربلا) (Record no. 14313)
[ view plain ]
| 000 -LEADER | |
|---|---|
| fixed length control field | 00589nam a2200217Ia 4500 |
| 003 - CONTROL NUMBER IDENTIFIER | |
| control field | OSt |
| 005 - DATE AND TIME OF LATEST TRANSACTION | |
| control field | 20241010055024.0 |
| 008 - FIXED-LENGTH DATA ELEMENTS--GENERAL INFORMATION | |
| fixed length control field | 240925s9999 xx 000 0 und d |
| 020 ## - INTERNATIONAL STANDARD BOOK NUMBER | |
| International Standard Book Number | NA |
| 040 ## - CATALOGING SOURCE | |
| Transcribing agency | دف |
| 082 ## - DEWEY DECIMAL CLASSIFICATION NUMBER | |
| Classification number | 297.4393 CHU |
| 100 ## - MAIN ENTRY--PERSONAL NAME | |
| Personal name | Chugtai, Asmat |
| 245 #0 - TITLE STATEMENT | |
| Title | Aik Qatra Khoon: dastan e Karbala (ایک قطرہ خون: داستان کربلا) |
| 250 ## - EDITION STATEMENT | |
| Edition statement | NA |
| 260 ## - PUBLICATION, DISTRIBUTION, ETC. | |
| Place of publication, distribution, etc. | Karachi: |
| Name of publisher, distributor, etc. | Shoaib Publication |
| Date of publication, distribution, etc. | ,2015. |
| 300 ## - PHYSICAL DESCRIPTION | |
| Extent | xxvii, 529p. |
| Other physical details | 0 |
| Type of unit | Original |
| 500 ## - GENERAL NOTE | |
| General note | Include CIP |
| 600 ## - SUBJECT ADDED ENTRY--PERSONAL NAME | |
| Personal name | Humanities & Natural Science |
| 650 ## - SUBJECT ADDED ENTRY--TOPICAL TERM | |
| Topical term or geographic name entry element | Religion |
| 942 ## - ADDED ENTRY ELEMENTS (KOHA) | |
| Koha item type | Books |
| Source of classification or shelving scheme | Dewey Decimal Classification |
| Withdrawn status | Lost status | Damaged status | Not for loan | Collection | Home library | Current library | Date acquired | Source of acquisition | Cost, normal purchase price | Total checkouts | Full call number | Barcode | Date last seen | Price effective from | Koha item type |
|---|---|---|---|---|---|---|---|---|---|---|---|---|---|---|---|
| Humanities & Basic Sciences | UITU Library | UITU Library | 05/09/2018 | National Book Foundation | 700.00 | 297.4393 CHU | Q11814 | 09/25/2024 | 09/25/2024 | Books |

